Statistics for Top Ten Strikeout Rate for pitchers 2015

Click here to take the quiz!

General Stats

  • This quiz has been taken 12 times
  • The average score is 5 of 10

Answer Stats

K%Answer% Correct
33.8Clayton Kershaw
100%
27.1Jake Arrieta
70%
30.7Max Scherzer
70%
29.0Chris Archer
60%
32.1Chris Sale
50%
27.7Corey Kluber
40%
26.9Madison Bumgarner
40%
27.3Jacob deGrom
30%
29.6Carlos Carrasco
20%
26.5Francisco Liriano
20%

Score Distribution

Percentile by Number Answered

Percent of People with Each Score

Your Score History

You have not taken this quiz